1462 1447 1945 1270 1128 1697 1281 1168 1951 1833 1175 1283 1443 1568 1974 1474 1882 1826 1972 1847 1384 1771 1904 1290 1304 1262 1984 1379 1512 1951 1858 1923 1344 1565 1844 1415 1955 1894 1125 1713 1307 1910 1520 1719 1235 1519 1092 1833 1189 1753 1808 1261 1354 1620 1339 1910 1307 1938 1108 1860 1325 1438 1820 1854 1667 1042 1775 1237 1459 1607 1190 1444 1335 1325 1038 1788 1563 1780 1496 1391 1240 1638 1738 1143 1733 1995 1266 1420 1822 1045 1930 1223 1059 1874 1637 1719 1698 1893 1232 BCNSPRNW ULIB Ver.6.0+V

เปลี่ยนเป็นภาษาไทย

Change to English
 แสดงรายละเอียดบรรณานุกรม
  กลับหน้าหลัก

Brief Record : Get Marc (ISO 2709) : E-mail record : QR code < ปิดหน้าต่าง
LEADER : 00000nam 2200000uu 4500
001    13399123676
003     ULIB
008    141105s2556||||th 000 0 tha d
020    ^a9789742894443
060 04 ^aWK810^bค695
245 00 ^aคู่มือปรับวิถีชีวิตพิชิตเบาหวาน /^cโดยผู้เชี่ยวชาญจากศูนย์เบาหวานโรงพยาบาลศิริราช ; ปิยะนุช เศรษฐวงศ์, ภาพประกอบ
250    ^aพิมพ์ครั้งที่ 1
260    ^aกรุงเทพฯ :^bอมรินทร์สุขภาพ,^c2556
300    ^a147 หน้า :^bภาพประกอบ ;^c21 ซม.
490 1  ^aชุดโรคภัยใกล้ตัว ;^vลำดับที่ 38
650  4 ^aเบาหวาน^xการดูแลตนเอง
650  4 ^aเบาหวาน^xการป้องกันและควบคุม
650  4 ^aเบาหวาน^xการรักษา
650  4 ^aเบาหวาน^xผู้ป่วย^xโภชนาการ
700 0  ^aปิยะนุช เศรษฐวงศ์,^eผู้เขียนภาพประกอบ
710 2  ^aโรงพยาบาลศิริราช. ^bผู้เชี่ยวชาญจากศูนย์เบาหวาน
830  0 ^aชุดโรคภัยใกล้ตัว ;^vลำดับที่ 38
945    ^p159^l0^i036700
945    ^p159^l0^i036701
945    ^p159^l0^i036702
945    ^p159^l0^i036703
945    ^p159^l0^i036704
945    ^p159^l0^i036705
945    ^p159^l0^i036706
945    ^p159^l0^i036707
999    ^aเกษร โพธิ์สุวรรณ
รายการนี้ยังไม่มีแท็ก
คุณยังไม่ได้ล็อกอิน คุณสามารถมีกิจกรรมร่วมกับเว็บไซต์ได้ แต่ต้องล็อกอินก่อน ::
  ล็อกอิน

รายการสื่อสารสนเทศ

ลำดับที่ ประเภท เลขเรียก/บาร์โค้ด สถานที่ สถานะ
1. วิทยาศาสตร์การแพทย์ และสุขภาพ
หนังสือสำรอง
สถานะ=หนังสือสำรอง
WK810 ค695 ฉ.1 
  Barcode: 036700
ห้องสมุดวิทยาเขตสวรรค์ประชารักษ์
►ส่วนจัดเก็บหนังสือเก่า สปร
บนชั้น
  ขอยืม
2. วิทยาศาสตร์การแพทย์ และสุขภาพ
วิทยาศาสตร์การแพทย์ และสุขภาพ
WK810 ค695 ฉ.2 
  Barcode: 036701
ห้องสมุดวิทยาเขตสวรรค์ประชารักษ์
►ส่วนจัดเก็บหนังสือเก่า สปร
บนชั้น
  ขอยืม
3. วิทยาศาสตร์การแพทย์ และสุขภาพ
วิทยาศาสตร์การแพทย์ และสุขภาพ
WK810 ค695 ฉ.3 
  Barcode: 036702
ห้องสมุดวิทยาเขตสวรรค์ประชารักษ์
►ส่วนจัดเก็บหนังสือเก่า สปร
บนชั้น
  ขอยืม
4. วิทยาศาสตร์การแพทย์ และสุขภาพ
วิทยาศาสตร์การแพทย์ และสุขภาพ
WK810 ค695 ฉ.4 
  Barcode: 036703
ห้องสมุดวิทยาเขตสวรรค์ประชารักษ์
►ส่วนจัดเก็บหนังสือเก่า สปร
บนชั้น
  ขอยืม
5. วิทยาศาสตร์การแพทย์ และสุขภาพ
วิทยาศาสตร์การแพทย์ และสุขภาพ
WK810 ค695 ฉ.5 
  Barcode: 036704
ห้องสมุดวิทยาเขตสวรรค์ประชารักษ์
►ส่วนจัดเก็บหนังสือเก่า สปร
บนชั้น
  ขอยืม
6. วิทยาศาสตร์การแพทย์ และสุขภาพ
วิทยาศาสตร์การแพทย์ และสุขภาพ
WK810 ค695 ฉ.6 
  Barcode: 036705
ห้องสมุดวิทยาเขตสวรรค์ประชารักษ์
►ส่วนจัดเก็บหนังสือเก่า สปร
บนชั้น
  ขอยืม
7. วิทยาศาสตร์การแพทย์ และสุขภาพ
วิทยาศาสตร์การแพทย์ และสุขภาพ
WK810 ค695 ฉ.7 
  Barcode: 036706
ห้องสมุดวิทยาเขตสวรรค์ประชารักษ์
►ส่วนจัดเก็บหนังสือเก่า สปร
บนชั้น
  ขอยืม
8. วิทยาศาสตร์การแพทย์ และสุขภาพ
วิทยาศาสตร์การแพทย์ และสุขภาพ
WK810 ค695 ฉ.8 
  Barcode: 036707
ห้องสมุดวิทยาเขตสวรรค์ประชารักษ์
►ส่วนจัดเก็บหนังสือเก่า สปร
บนชั้น
  ขอยืม

รายการใกล้เคียง
    หัวเรื่อง [เบาหวาน การป้องกันและควบคุม]
    หัวเรื่อง [เบาหวาน การรักษา]

BibComment


ยังไม่เคยถูกคอมเมนท์

คอมเมนท์ทรัพยากรรายการนี้
  คอมเมนท์: คู่มือปรับวิถีชี..


 Copyright 2026. Bcnsprnw @Library